000 01125nam a22002417a 4500
005 20250505160539.0
008 250505b |||||||| |||| 00| 0 eng d
020 _a978-93-85538-40-7 (hbk)
037 _cTB
040 _aCRL
_cCRL
041 _2hin
_ahin
_hsan
084 _aP15,Cx1,1:g Q9
_qCRL
100 _aदीक्षित, पुष्पा
_9157825
245 _aपाणिनीयं वैदिकव्याकरणम्
260 _aदिल्ली, भारत:
_bज्ञानभारती पब्लिकेशन्स,
_c2009.
300 _a165पृ0
365 _b595.00
_cINR
650 _aसंस्कृत भाषा व्याकरण
_9159257
650 _aपाणिनी
_9754382
700 _aदीक्षित, पुष्पा
_eसंपादक
_9157825
942 _2CC
_cTB
_hP15,Cx1,1:g Q9
_n0
999 _c1311791
_d1311791